000 00792cab a2200229 4500
001 WB3315-20
008 090401t1997 xxu||||| |||| 00| 0 eng d
035 _a(Sirsi) u77799
041 _aeng
245 _aLandlords driving harder bargain
260 _c1997
350 _a0
490 _aBirmingham Post
_v`Business Property Review`17 April 1997,20(1)
520 _aContract distribution firms are finding it more difficult to obtain short leases, when landlords` require longer term. Especially now that there is a recovery in the property industry.
650 _aCONTRACT DISTRIBUTION
650 _aDISTRIBUTION INDUSTRY
650 _aLANDLORD AND TENANT
_96252
650 _aRECOVERY
690 _aLANDLORD AND TENANT-BUSINESS TENANCIES
942 _n0
948 _c18/04/1997
999 _c48908
_d48908